Az OECD-PISA felmérés jelentősége és szemléletformáló hatása az oktatáspolitikára, különös tekintettel Németországra

Bibliographic Details
Main Author: Purwanto Chiara Vanessza
Other Authors: Ferkelt Dr. Balázs
Format: Thesis
Kulcsszavak:OECD
PISA
Oktatáspolitika
Németország
Szemléletváltás
Online Access:http://dolgozattar.uni-bge.hu/22575

MARC

LEADER 00000nta a2200000 i 4500
001 dolg22575
005 20200311101201.0
008 190518suuuu hu om 000 hun d
040 |a BGE Dolgozattár Repozitórium  |b hun 
041 |a hu 
100 1 |a Purwanto Chiara Vanessza 
245 1 3 |a Az OECD-PISA felmérés jelentősége és szemléletformáló hatása az oktatáspolitikára, különös tekintettel Németországra  |c Purwanto Chiara Vanessza  |h [elektronikus dokumentum] 
695 |a OECD 
695 |a PISA 
695 |a Oktatáspolitika 
695 |a Németország 
695 |a Szemléletváltás 
700 1 |a Ferkelt Dr. Balázs  |e ths 
856 4 0 |u http://dolgozattar.uni-bge.hu/22575/1/Szakdolgozat.pdf  |z Dokumentum-elérés